000 00526nam a2200181Ia 4500
003 LDD
008 190117s9999 xx 000 0 und d
020 _a8171191797
_c₹45
040 _cLDD
041 _ahi
082 _a8H3.7 शि 68592 के-2
100 _aशिवमूर्ति
245 0 _aकेशर-कस्तूरी
_cशिवमूर्ति
250 _a2रा सं.
260 _aनई दिल्ली
_bराधाकृष्ण
_c1994
300 _a164पृ.
942 _2ddc
_cH
999 _c171721
_d171721